000 00894nam a2200181Ia 4500
008 151202s9999||||xx |||||||||||||| ||und||
082 _bPNVM-69504
100 _aसंपा-सिधये मेधा/ताम्हनकर मंजरी/फडके रंजना/गोखले उज्वला.
245 _aऊर्मी.
260 _b"साहित्य प्रेमी भगिनी मंडळ,पुणे."
260 _c6950
300 _a288
600 _aसंपा-सिधये मेधा/ताम्हनकर मंजरी/फडके रंजना/गोखले उज्वला.
630 _aऊर्मी.
700 _aसंपा-सिधये मेधा/ताम्हनकर मंजरी/फडके रंजना/गोखले उज्वला.
730 _aऊर्मी.
942 _cBOOK
999 _c1336014
_d1336011